01542 2200253 4500001002100000005001500021035002000036245004700056100001800103250001600121300003300137856002400170260003000194082001100224084001700235020002200252650002300274520086600297008004101163990002101204990002101225990002101246990002101267INLIS00000000000727720250717024802 a0010-07250000021 aManajemen Keuangan Publik /cIndra Bastian0 aIndra Bastian aEd.1, Cet.1 axvii, 310 hlm. ;c19 x 25 cm aIlmu - Ilmu Terapan aYogyakarta :bAndi,c2020 a658.15 a658.15 IND m a978-623-01-0462-6 4aManajemen Keuangan aManajemen keuangan publik berkaitan dengan aspek mobilisasi sumber daya dan manajemen pengeluaran di sektor publik. Hal tersebut karena manajemen keuangan publik merupakan sistem untuk menghasilkan dan mengendalikan sumber daya keuangan publik untuk pelayanan publik yangefektif dan efisien. Manajemen keuangan publik meliputi perencanaan dan penganggaran, akuntansi dan pelaporan, pengendalian internal, audit dan pengawasan eksternal. Maksud dari manajemen keuangan publik adalah meningkatkan ketersediaan manfaat untuk masyarakat; mendukung pemerintahan yang baik; dan memfasilitasi pencapaian tiga tujuan anggaran yakni disiplin agregat fiskal, alokasi sumber daya secara efektif untuk prioritas dan pelayanan yang efisien. Manajemen keuangan publik juga merupakan penghubung antara aspirasi masyarakat dengan sumber daya, masa saat ini dan masa depan.250717 0  a155 221 338 1383 a155 221 338 1384 a155 221 338 1385 a155 221 338 1386